000 00619nam a22001817a 4500
999 _c166974
_d166974
010 _aENG-126197
020 _a978-93-86761-12-5
_c1495.00
035 _aEN-109729
037 _bDBAD/PUB
082 _a320.3
100 _aThakur, Sadhana
245 _aComparative Government And Politics/
_cby Sadhna Thakur
260 _aNew Delhi
_bAne Books Pvt.Ltd.
_c2017
270 _a4821,Parwana Bhawan 1st Floor 24 Ansari Road, Darya Ganj
_bNew Delhi
_e110002
_k+91(011)23276843,2814209
_manebookschennai.com
300 _av279p.
_b23cm(hb)
500 _aits include index
942 _2ddc
_cEN
_h320.3
_mTHA